000
00327nam a22001337a 4500
008
171103b xxu||||| |||| 00| 0 eng d
020
_a
9780273655213
041
_a
eng
080
_2
4 ED
_a
339.138
100
_a
60
101
_a
MAR
245
_a
INTERNATIONAL MARKETING AND EXPORT MANAGEMENT
_c
GERALD.A
942
_2
udc
_c
BK
999
_c
37568
_d
37568